000 01223nam a22002537a 4500
999 _c22074
_d22074
003 AR-CdUCM
008 190425b ||||| |||| 00| 0 spa d
040 _aMUNICIPALIDAD PROVINCIAL DEL CUSCO
_cBIBLIOTECA MUNICIPAL DEL CUSCO
082 _aSitua/N°23/2004
245 _aSitua :
_bRevista semestral de la Facultad de Medicina Humana /
_cFacultad de Medicina Humana, Universidad Nacional de San Antonio Abad del Cusco
260 _aCusco :
_b[UNSAAC],
_c2004.
300 _a56 páginas. :
_c31 cm.
440 _aSitua revista semestral de la Facultad de Medicina Humana.
_nAño,12, N° 23, octubre 2003-febrero 2004.
_947357
505 _aContenido: Los derechos de los pacientes y el consentimiento informado en Perú. Eduardo Zarate. -- Características epidemiológicas de la mortalidad materna en el Departamento de Cusco año 2003. José Ávila Alatrista. ...
650 _aMedicina humana
_947329
650 _aSalud pública
_96404
650 _aHospitales
_947330
650 _aCentros de Salud
_932510
700 _aÁvila Alatrista, José
_947358
710 _aFacultad de Medicina Humana
_947335
710 _aUniversidad Nacional de San Antonio Abad del Cusco
_915942
942 _2ddc
_cPP
945 _avhl